000 00504nam a2200181Ia 4500
003 GCL
008 140319s9999 xx 000 0 eng d
040 _aGCL /
_cGCL
082 0 4 _a 693.71
_bT S
100 1 _aTHOMAS TOLFORD HOUSE
245 1 0 _aSteel Construction year book 1992 /
_cTHOMAS TOLFORD HOUSE
700 1 _aSANDERS, DAVIO M.
260 _a[S.N] :
_bTHOMAS TELFORD SERVICES LTD ،
_c1992
300 _a256 P P
650 0 4 _aREFERENCE PUBLICATION
650 0 4 _aYEAR BOOKS
942 _2ddc
_cBK
999 _c16981
_d16981